Ratingové hodnotenie poisťovní
Teoretické vymedzenie problematiky ratingového hodnotenia. Rating finančnej sily poisťovne - IFS rating. Hlavné oblasti analýzy ratingových modelov poisťovní. Ratingové hodnotenie poisťovne ako forma jej prestíže, podporuje rast jej goodwillu. Ratingové hodnotenie poisťovní v porovnaní s ostatnými s...
Na minha lista:
| Autor principal: | |
|---|---|
| Formato: | Capítulo de Livro |
| Idioma: | eslovaco |
| Assuntos: | |
| Tags: |
Sem tags, seja o primeiro a adicionar uma tag!
|
MARC
| LEADER | 00000naa a2200000 4500 | ||
|---|---|---|---|
| 001 | 0165436 | ||
| 005 | 20240502072901.7 | ||
| 041 | 0 | |a slo | |
| 044 | |a SK | ||
| 245 | 1 | 0 | |a Ratingové hodnotenie poisťovní |c Ingrid Vachálková |
| 520 | |a Teoretické vymedzenie problematiky ratingového hodnotenia. Rating finančnej sily poisťovne - IFS rating. Hlavné oblasti analýzy ratingových modelov poisťovní. Ratingové hodnotenie poisťovne ako forma jej prestíže, podporuje rast jej goodwillu. Ratingové hodnotenie poisťovní v porovnaní s ostatnými sektormi hospodárstva Európy. Ratingové hodnotenie poisťovní k 12.1.2013. | ||
| 610 | 2 | 0 | |a poisťovne |
| 610 | 2 | 0 | |a rating |
| 610 | 2 | 0 | |a trh finančný |
| 610 | 2 | 0 | |a agentúry |
| 100 | 1 | |a Vachálková, Ingrid | |